| 000 | 00770nam a2200193 a 4500 | ||
|---|---|---|---|
| 005 | 20250905063957.0 | ||
| 008 | 031008s1998 mx r 000 0 spa d | ||
| 035 | _aUPN01000129782 | ||
| 049 | _aCG | ||
| 050 | 4 |
_aLB1719 M6 _bC3.7 |
|
| 245 | 0 | 0 |
_aCarrera magisterial : _bsegunda y tercera vertientes : planes y programas de estudio : educación primaria : factor preparación profesional : materiales de estudio / _cManuel Quiles C. ... [et al.]. |
| 260 |
_aMéxico : _bTrabajos Manuales Escolares, _cc1998. |
||
| 300 | _a598 p. | ||
| 650 | 4 |
_aMaestros en servicio, Formación de _zMéxico _9882 |
|
| 650 | 2 |
_aCarrera docente _97358 |
|
| 650 | 4 |
_aEducación primaria _zMéxico _xPlanes y programas _99975 |
|
| 700 | 1 |
_aQuiles Cruz, Manuel _ecoaut. _929588 |
|
| 905 | _aLibro | ||
| 999 |
_c101939 _d101939 |
||